Sports Quiz

Random Sports or NBA Quiz

NBA Colleges Quiz Stats

 Plays Quiz Updated Nov 17, 2017

Score 0/30 Timer 06:00
3 Plays Today
# College % Correct
86Duke University
96%
106University of North Carolina
94.3%
111University of California Los Angeles
90.5%
115University of Kentucky
87.1%
66University of Michigan
82.3%
81University of Kansas
80.5%
58Michigan State University
74.4%
52Ohio State University
71.9%
58University of Southern California
70.6%
74Indiana University
69.8%
67Syracuse University
68.5%
68University of Arizona
65.3%
51Georgetown University
60%
55Louisiana State University
54.9%
69University of Illinois
54%
# College % Correct
68University of Louisville
52.6%
53University of Washington
51.7%
62University of Maryland
50.4%
65North Carolina State University
49.9%
54Villanova University
47.8%
48University of Tennessee
46.3%
51University of Memphis
43.8%
61University of Notre Dame
43.5%
62St. John's University
40.1%
53University of Minnesota
38%
54University of Iowa
37.4%
56Marquette University
33.2%
49Kansas State University
32.1%
54University of Cincinnati
27.6%
52DePaul University
20.3%

You're not logged in!

Compare scores with friends on all Sporcle quizzes.
OR
Log In

You Might Also Like...

Show Comments

Extras

Top Quizzes Today


Score Distribution

Your Account Isn't Verified!

In order to create a playlist on Sporcle, you need to verify the email address you used during registration. Go to your Sporcle Settings to finish the process.

Report this User

Report this user for behavior that violates our Community Guidelines.

Details: